000
00285nam a22001337a 4500
082
_a
823
_b
JAI/C
100
_a
JAIN, KULDEEP
245
_a
CINDERELLA
246
_a
CINDERELLA
_b
CINDERELLA
260
_a
NEW DELHI
_b
PEGASUS
_c
2025
300
_a
16
650
_a
ENGLISH STORY
942
_c
BK
999
_c
9165
_d
9165